10 Random Countries Alphabetically - Blind Ranking - Statistics

General Stats
  • This quiz has been taken 14,675 times
  • The average score is 6 of 10
Answers on the Map
Answers color-coded by a green-red scale on the quiz's map according to % correct below.
 
Answer Stats
Countries % Correct
El Salvador
68%
Federated States of Micronesia
67%
Guatemala
67%
Hungary
67%
Bahrain
65%
Ecuador
65%
North Macedonia
65%
Switzerland
65%
Uganda
65%
Uruguay
65%
Comoros
64%
Bulgaria
63%
Honduras
63%
Colombia
62%
Slovenia
62%
Sudan
62%
Tajikistan
62%
United Kingdom
62%
United States
62%
Dominica
61%
Equatorial Guinea
61%
Georgia
61%
Liberia
61%
Seychelles
61%
Antigua and Barbuda
60%
Canada
60%
Chad
60%
Czech Republic
60%
Gambia
60%
Greece
60%
Grenada
60%
Madagascar
60%
Morocco
60%
Saint Kitts and Nevis
60%
United Arab Emirates
60%
Bangladesh
59%
Belgium
59%
Democratic Republic of the Congo
59%
Dominican Republic
59%
Eritrea
59%
Latvia
59%
Lebanon
59%
Lithuania
59%
Romania
59%
Sri Lanka
59%
Ukraine
59%
Vietnam
59%
Zimbabwe
59%
Afghanistan
58%
Azerbaijan
58%
Bolivia
58%
Cuba
58%
East Timor
58%
India
58%
Israel
58%
Ivory Coast
58%
Lesotho
58%
Luxembourg
58%
Pakistan
58%
Palau
58%
Taiwan
58%
Thailand
58%
Tuvalu
58%
Botswana
57%
China
57%
Guyana
57%
Indonesia
57%
Iraq
57%
Jamaica
57%
Liechtenstein
57%
Malaysia
57%
Mauritius
57%
New Zealand
57%
Saudi Arabia
57%
Angola
56%
Australia
56%
Barbados
56%
Djibouti
56%
Ghana
56%
Guinea
56%
Iceland
56%
Kuwait
56%
Malta
56%
Qatar
56%
Slovakia
56%
Spain
56%
Suriname
56%
Sweden
56%
Turkey
56%
Turkmenistan
56%
Vanuatu
56%
Bahamas
55%
Belize
55%
Benin
55%
Croatia
55%
Finland
55%
Gabon
55%
Germany
55%
Guinea-Bissau
55%
Jordan
55%
Kiribati
55%
Laos
55%
Libya
55%
Niger
55%
Portugal
55%
Rwanda
55%
São Tomé and Príncipe
55%
Tanzania
55%
Argentina
54%
Armenia
54%
Brunei
54%
Cambodia
54%
Estonia
54%
Ethiopia
54%
Ireland
54%
Kazakhstan
54%
Kenya
54%
Mauritania
54%
Mexico
54%
Nepal
54%
Nigeria
54%
Oman
54%
Panama
54%
Philippines
54%
Singapore
54%
Somalia
54%
Togo
54%
Tonga
54%
Uzbekistan
54%
Vatican City
54%
Andorra
53%
Austria
53%
Cape Verde
53%
Costa Rica
53%
Egypt
53%
Haiti
53%
Japan
53%
Maldives
53%
Marshall Islands
53%
Monaco
53%
Mongolia
53%
Myanmar
53%
Samoa
53%
Senegal
53%
Venezuela
53%
Zambia
53%
Albania
52%
Algeria
52%
Bosnia and Herzegovina
52%
Burkina Faso
52%
Eswatini
52%
Fiji
52%
Italy
52%
Mozambique
52%
Nauru
52%
North Korea
52%
Republic of the Congo
52%
South Korea
52%
Cameroon
51%
Chile
51%
Denmark
51%
Kosovo
51%
Papua New Guinea
51%
Paraguay
51%
San Marino
51%
Brazil
50%
Cyprus
50%
France
50%
Iran
50%
Moldova
50%
Netherlands
50%
Russia
50%
Saint Lucia
50%
Saint Vincent and the Grenadines
50%
Serbia
50%
South Sudan
50%
Tunisia
50%
Yemen
50%
Belarus
49%
Burundi
49%
Central African Republic
49%
Malawi
49%
Nicaragua
49%
South Africa
49%
Trinidad and Tobago
49%
Namibia
48%
Sierra Leone
48%
Syria
48%
Kyrgyzstan
47%
Norway
47%
Peru
47%
Poland
47%
Mali
46%
Bhutan
45%
Montenegro
45%
Solomon Islands
43%
No matching quizzes found
Score Distribution
Percent of People with Each Score
Percentile by Number Answered
Your Score History
You have not taken this quiz